Home Print Resources E-Books E-Journals IIMT Lecture Series Library Membership Form Book Recommendation Form Campus Tour Take AdmissionAbout Us Contact Us

Concept of Ecology (Record no. 16323)

000 -LEADER
fixed length control field 00392nam a2200169Ia 4500
003 - CONTROL NUMBER IDENTIFIER
control field OSt
005 - DATE AND TIME OF LATEST TRANSACTION
control field 20240503140957.0
008 - FIXED-LENGTH DATA ELEMENTS--GENERAL INFORMATION
fixed length control field 170619s9999 xx 000 0 und d
020 ## - INTERNATIONAL STANDARD BOOK NUMBER
International Standard Book Number 9788120311480
040 ## - CATALOGING SOURCE
Transcribing agency IIMT ENGINEERING COLLEGE
100 ## - MAIN ENTRY--PERSONAL NAME
Personal name Kormondey Edward
245 #0 - TITLE STATEMENT
Title Concept of Ecology
260 ## - PUBLICATION, DISTRIBUTION, ETC.
Name of publisher, distributor, etc. New Delhi: PHI
260 ## - PUBLICATION, DISTRIBUTION, ETC.
Date of publication, distribution, etc. 2001
546 ## - LANGUAGE NOTE
Language note ENGLISH
942 ## - ADDED ENTRY ELEMENTS (KOHA)
Source of classification or shelving scheme
Koha item type Text-Book- for 7 days
Holdings
Withdrawn status Lost status Source of classification or shelving scheme Damaged status Not for loan Home library Current library Date acquired Source of acquisition Total Checkouts Barcode Date last seen Price effective from Koha item type Date last checked out Public note
          IIMT Engineering College-BTech IIMT Engineering College-BTech 01/28/2002 1   06-B-1997 07/03/2017 07/03/2017 Text-Book- for 7 days    
          IIMT Engineering College-BTech IIMT Engineering College-BTech 01/28/2002 1   06-B-1998 07/03/2017 07/03/2017 Text-Book- for 7 days    
          IIMT Engineering College-BTech IIMT Engineering College-BTech 01/28/2002 1   06-B-1999 07/03/2017 07/03/2017 Text-Book- for 7 days    
          IIMT Engineering College-BTech IIMT Engineering College-BTech 01/28/2002 1 3 06-B-2000 11/15/2025 07/03/2017 Weed out 11/15/2025 civil department library
IIMT, Central Library. All Rights Reserved IIMT,UNIVERSITY © 2023
Implemented and Customised by I CLOUDE EMS
You Are OPAC Visitor No
free web counter

Powered by Koha